Chemical engineering data book (Record no. 36437)

000 -LEADER
fixed length control field 00504nam a22001931 4500
001 - CONTROL NUMBER
control field 36437
003 - CONTROL NUMBER IDENTIFIER
control field BD-DhUET
008 - FIXED-LENGTH DATA ELEMENTS--GENERAL INFORMATION
fixed length control field 871013s1958 enka 000 0 eng u
040 ## - CATALOGING SOURCE
Original cataloging agency DLC
Transcribing agency DLC
Modifying agency BD-DhUET
082 ## - DEWEY DECIMAL CLASSIFICATION NUMBER
Classification number 660.28
Item number ROS/1962
100 ## - MAIN ENTRY--PERSONAL NAME
Personal name Ross, T. K.
245 00 - TITLE STATEMENT
Title Chemical engineering data book
250 ## - EDITION STATEMENT
Edition statement 1st ed.
260 ## - PUBLICATION, DISTRIBUTION, ETC. (IMPRINT)
Place of publication, distribution, etc. London
Name of publisher, distributor, etc. Leonard Hill
Date of publication, distribution, etc. 1962
300 ## - PHYSICAL DESCRIPTION
Extent x,998p.
Other physical details ill.
Dimensions 22 cm.
650 #0 - SUBJECT ADDED ENTRY--TOPICAL TERM
Topical term or geographic name as entry element Chemical engineering-Data processing
700 1# - ADDED ENTRY--PERSONAL NAME
Personal name Freshwater, D. C.
942 ## - ADDED ENTRY ELEMENTS (KOHA)
Koha item type General Book
Holdings
Location (home branch) Koha normalized classification for sorting Source of classification or shelving scheme Sublocation or collection (holding branch) Shelving location Koha full call number Koha date last seen Damaged status Lost status Koha item type Withdrawn status Copy number Piece designation (barcode) Not for loan Price effective from Date acquired
Central Library, BUET660_280000000000000_ROS_1962 Central Library, BUETReference section660.28/ROS/19622016-01-07  General Book 122468 2016-01-072016-01-07
Central Library, BUET660_280000000000000_ROS_1962 Central Library, BUETReference section660.28/ROS/19622016-01-07  General Book 222469 2016-01-072016-01-07
Central Library, BUET660_280000000000000_ROS_1962 Central Library, BUETReference section660.28/ROS/19622016-01-07  General Book 322474 2016-01-072016-01-07
Central Library, BUET660_280000000000000_ROS_1962 Central Library, BUETReference section660.28/ROS/19622016-01-07  General Book 422473 2016-01-072016-01-07
Central Library, BUET660_280000000000000_ROS_1962 Central Library, BUETReference section660.28/ROS/19622016-01-07  General Book 522470 2016-01-072016-01-07
Central Library, BUET660_280000000000000_ROS_1962 Central Library, BUETReference section660.28/ROS/19622016-01-07  General Book 622471 2016-01-072016-01-07
Central Library, BUET660_280000000000000_ROS_1962 Central Library, BUETReference section660.28/ROS/19622016-01-07  General Book 722475 2016-01-072016-01-07
Central Library, BUET660_280000000000000_ROS_1962 Central Library, BUETReference section660.28/ROS/19622016-01-07  General Book 812046 2016-01-072016-01-07